MARC details
| 000 -LEADER |
| fixed length control field |
01503nam a22002537a 4500 |
| 005 - DATE AND TIME OF LATEST TRANSACTION |
| control field |
20260507115359.0 |
| 008 - FIXED-LENGTH DATA ELEMENTS--GENERAL INFORMATION |
| fixed length control field |
260507b |||||||| |||| 00| 0 eng d |
| 022 ## - INTERNATIONAL STANDARD SERIAL NUMBER |
| International Standard Serial Number |
0261-1929 |
| 040 ## - CATALOGING SOURCE |
| Original cataloging agency |
MMSU |
| Transcribing agency |
ULS |
| 210 ## - ABBREVIATED TITLE |
| Abbreviated title |
ATLA |
| 222 ## - KEY TITLE |
| Key title |
Alternatives to Laboratory Animals |
| 245 ## - TITLE STATEMENT |
| Title |
ATLA : |
| Remainder of title |
Alternatives to Laboratory Animals |
| 260 ## - PUBLICATION, DISTRIBUTION, ETC. |
| Place of publication, distribution, etc. |
London: |
| Name of publisher, distributor, etc. |
Sage Publications, |
| Date of publication, distribution, etc. |
2025- |
| 300 ## - PHYSICAL DESCRIPTION |
| Extent |
volumes ; |
| Dimensions |
28 cm. |
| 310 ## - CURRENT PUBLICATION FREQUENCY |
| Current publication frequency |
Six times a year. |
| 362 ## - DATES OF PUBLICATION AND/OR SEQUENTIAL DESIGNATION |
| Dates of publication and/or sequential designation |
Volume 53, Number 4 (July 2025- ) |
| 500 ## - GENERAL NOTE |
| General note |
ATLA is a peer-reviewed journal, intended to cover all aspects of the development, validation, implementation and use of alternatives to laboratory animals in biomedical research and toxicity testing. In addition to the replacement of animals, it also covers work that aims to reduce the number of animals used and refine the in vivo |
| 505 ## - FORMATTED CONTENTS NOTE |
| Title |
Xeno-free alternatives to the use of fetal bovine serum in head and neck cancer explant culture (pp. 188–202) / |
| Statement of responsibility |
Alexya Azhakesan, Elena Seiz, […], and Annette Affolter |
| 505 ## - FORMATTED CONTENTS NOTE |
| Title |
Determining the pathogenicity of uropathogenic Escherichia coli strains in the Galleria mellonella larvae model (pp. 203–214) / |
| Statement of responsibility |
Gabriela Zottis Chitolina, Thales Quedi Furian,and Carlos Tadeu Pippi Salle |
| 505 ## - FORMATTED CONTENTS NOTE |
| Title |
Breaking down the barriers to animal-free research (pp. 215–231) / |
| Statement of responsibility |
Lauren Hope |
| 650 ## - SUBJECT ADDED ENTRY--TOPICAL TERM |
| Topical term or geographic name entry element |
Biomedical research |
| Form subdivision |
Periodicals |
| 650 ## - SUBJECT ADDED ENTRY--TOPICAL TERM |
| Topical term or geographic name entry element |
Animals as alternatives in laboratoies |
| Form subdivision |
Periodicals |
| 942 ## - ADDED ENTRY ELEMENTS (KOHA) |
| Source of classification or shelving scheme |
|
| Koha item type |
SERIALS/JOURNALS |